000
00275 a2200145 4500
001
172709
020
_a
040
_c
Magnum
100
_a
Málus
240
1
0
_a
O bode que pode
_l
por
245
1
0
_a
O bode que pode
362
0
_a
1899
697
_a
I/ANIMAIS
942
_c
BK
999
_c
172709
_d
172709